00914 a2200169 4500003000500000005001700005040000900022100002800031245006500059260007400124300001400198505040000212651001100612942001200623999001900635952009000654Nust20170207154011.0 cNust aProf. Dr. Keith Andrews aHuman-Computer Interaction (E-Book)cProf. Dr. Keith Andrews aUSAbGraz University of Technology Inffeldgasse 16c A-8010 Grazc2011 axiv,188.p aHuman Computer Interaction(Page-1) Usability Engineering (Page-41) Know the User (Page-51) Usability Benchmarking (Page-57) Goal-Oriented Interaction Design (Page-59) Prototyping (Page-77) Usability Inspection Methods (Page-85) Usability Testing Methods (Page-105) Usability in Practice (Page-139) Visual Design and Typography (Page-147) Icon Design (Page-155) A Brief History of HCI (Page-173) aE-Book 2ddccBK c191203d191203 00102ddc40708NFICamcsbMCSd2016-12-12l0pMCSEB-426r2016-12-08w2016-12-12yBK